Opere di Francesco Berni... / (Record no. 151990)

MARC details
000 -LEADER
campo de control de longitud fija 01030nam a2200229 i 4500
001 - NÚMERO DE CONTROL
campo de control 151990
003 - IDENTIFICADOR DE NÚMERO DE CONTROL
campo de control ES-MaACL
005 - FECHA Y HORA DE LA ÚLTIMA TRANSACCIÓN
campo de control 20250813015836.0
008 - DATOS DE LONGITUD FIJA--INFORMACIÓN GENERAL
campo de control de longitud fija 931025s1877 it |||| | ita d
100 1# - ENTRADA PRINCIPAL--NOMBRE DE PERSONA
Nombre de persona Berni, Francesco.
9 (RLIN) 28336
245 10 - MENCIÓN DEL TÍTULO
Título Opere di Francesco Berni... /
Mención de responsabilidad, etc. [introducción de Eugenio Camerini].
250 ## - MENCION DE EDICION
Mención de edición Nuova ed. riv. e corr., 3ª ed. stereotipa.
260 ## - PUBLICACIÓN, DISTRIBUCIÓN, ETC.
Lugar de publicación, distribución, etc. Milano :
Nombre del editor, distribuidor, etc. Edoardo Sonzogno,
Fecha de publicación, distribución, etc. 1877.
300 ## - DESCRIPCIÓN FÍSICA
Extensión 431 p. ;
Dimensiones 19 cm.
490 1# - MENCIÓN DE SERIE
Mención de serie Biblioteca Classica Economica ;
Designación de volumen o secuencia 8
505 8# - NOTA DE CONTENIDO CON FORMATO
Nota de contenido con formato Contiene: Il dialogo dei poeti ; Le rime ; Le poesie latine, precedida de un estudio del prof. Stefano Grosso ; Le lettere edite ed. inedite ; L' opusculo del Vergerio sul protestantismo del Berni e una giunta di poesia burlesche del Mauro, del Molza, del Burchiello e d'Alti ottimi autori
596 ## - NOTA AL PIE DE IMPRENTA
NOTA AL PIE DE IMPRENTA Fecha de cubierta: 1882.
700 0# - ENTRADA AGREGADA--NOMBRE PERSONAL
Nombre de persona Camerini, Eugenio.
9 (RLIN) 34055
830 00 - PUNTO DE ACCESO ADICIONAL DE SERIE-TÍTULO UNIFORME
Título uniforme Biblioteca classica economica
Designación de volumen o secuencia 8
9 (RLIN) 182054
852 ## - LOCALIZACIÓN
Ubicación ES-MaACL
Número de control de estantería G-10401
Nota libre -- Enc. hol.
Holdings
Estatus retirado Estado de pérdida Estado de daño No para préstamo Colección Biblioteca de origen Biblioteca actual Ubicación en estantería Fecha de adquisición Fuente de adquisición Total de préstamos Signatura topográfica completa Código de barras Visto por última vez Precio de reemplazo Tipo de ítem Koha
        Libros del s. XIX Biblioteca del Ateneo de Madrid Biblioteca del Ateneo de Madrid Sala Pecera Planta 3 17/01/2008     G-10401 1158649 23/02/2023 23/02/2023 Libro impreso antiguo